Asimilaciones a la compraventa en el Derecho Romano: distintas formas de la causa Pro Emptore

محفوظ في:
التفاصيل البيبلوغرافية
المؤلف الرئيسي: Nasser Olea, Marcelo (autor)
التنسيق: كتاب
اللغة:الإسبانية
منشور في: Santiago Legal Publishing 2010
الطبعة:1a. ed
الموضوعات:
الوسوم: إضافة وسم
لا توجد وسوم, كن أول من يضع وسما على هذه التسجيلة!

MARC

LEADER 00000cam a2200000 a 4500
001 UCG9066
003 CL-VaPUC
008 120120e20101200CL |||||||||||||||||spa|d
020 |a 9789562389426 
082 0 4 |a 340.54  |b NAS  |2 21 
100 |a Nasser Olea, Marcelo  |e autor  |9 598195 
245 1 0 |a Asimilaciones a la compraventa en el Derecho Romano: distintas formas de la causa Pro Emptore 
250 |a 1a. ed 
300 |a 190 p 
942 |c BK 
945 |d 20120120 00:00:00  |a dcastane 
260 |a Santiago  |b Legal Publishing  |c 2010 
650 0 |a Derecho romano  |9 255930 
650 0 |a Derecho comercial   |9 256340 
650 0 |a Derecho comercial romano   |9 468929 
650 0 |a Comercio  |9 255341 
650 7 |a OPERACIONES COMERCIALES  |2 CL-VaPUC  |9 337866 
583 |a last modification  |c 20120120 10:38:00  |k Rodrigo Vera 
999 |c 346641  |d 346639 
952 |0 0  |1 0  |4 0  |6 340_540000000000000_NAS_2010  |7 0  |8 A  |9 447439  |a BIBDER  |b BIBDER  |d 2019-11-22  |i 4816579  |o 340.54 NAS 2010  |p 4816579  |r 2023-01-25  |w 2019-11-22  |y BK  |k DER